000 00723 a2200193 4500
010 _aENG-88205
020 _a818069416X
_c1500.00
035 _aEN-71738
037 _bDBAD / PUB
082 1 4 _a332.60954
090 _c7987
_d7987
100 1 _aRamesh Babu, G.
245 1 _aPortfolio management :
_bincluding security analysis for MBA (Finance), M.Com., MFA, MFC, PGDBA, PGDBM, PGDFM and CFA/
_cby G. Ramesh Babu
260 _aNew Delhi
_bConcept Publishing Co.
_c2007
270 _aA/15-16, commercial Block, Mohan Garden, New Delhi
_e110 059
300 _a656 p.
_c22 cm (Hb)
942 _adpl
_cEN
_k332.60954 / GRA
999 _c7844
_d7844